Модель взаимосвязи и взаимозависимости человека с окружающей средой; Образование, охрана труда и здоровье

Bibliografiske detaljer
Parent link:Образование, охрана труда и здоровье.— 2014.— С. 356-363
Hovedforfatter: Осикина Р. В.
Andre forfattere: Осикин Д. Е.
Sprog:russisk
Udgivet: 2014
Format: MixedMaterials Book Chapter
KOHA link:https://koha.lib.tpu.ru/cgi-bin/koha/opac-detail.pl?biblionumber=311814

MARC

LEADER 00000naa2a2200000 4500
001 311814
005 20260130131250.0
035 |a (RuTPU)RU\TPU\book\337179 
035 |a RU\TPU\book\337091 
090 |a 311814 
100 |a 20151211d2014 k y0rusy50 ca 
101 0 |a rus 
102 |a RU 
200 1 |a Модель взаимосвязи и взаимозависимости человека с окружающей средой  |f Р. В. Осикина, Д. Е. Осикин  |d Information model of the relationship with the environment  |z eng 
320 |a Библиогр.: с. 363 (3 назв.) 
463 0 |0 (RuTPU)RU\TPU\book\111514  |y 978-5-00081-014-9  |t Образование, охрана труда и здоровье  |o материалы IV Международной заочной научно-практической конференции, г. Владикавказ, 25 апреля 2014 г.  |f Общероссийский Профсоюз образования ; Профессиональный союз работников народного образования и науки Российской Федерации (Общероссийский Профсоюз образования), Северо-Осетинская республиканская орзанизация ; Общероссийская общественная организация содействия укреплению здоровья в системе образования , Северо-Осетинское региональное отделение  |v С. 356-363  |d 2014 
700 1 |a Осикина  |b Р. В. 
701 1 |a Осикин  |b Д. Е. 
801 1 |a RU  |b 63413507  |c 20151129 
801 2 |a RU  |b 63413507  |c 20151211  |g RCR 
942 |c BK